Biggest City by Region *2 - Statistics

General Stats
  • This quiz has been taken 54 times
  • The average score is 9 of 14
Answer Stats
Region City % Correct
Tuscany Florence
96%
Korea Seoul
89%
Quebec Montreal
85%
Colorado Denver
83%
Basque Country Bilbao
74%
Central Anatolia Ankara
67%
Gulf of Finland Saint Petersburg
67%
Corsica Ajaccio
63%
Skåne (Scania) Malmö
50%
Central Macedonia Thessaloniki
48%
Siberia Novosibirsk
43%
Sumatra Medan
35%
Vojvodina Novi Sad
35%
Mazovia Warsaw
30%
No matching quizzes found
Score Distribution
Percent of People with Each Score
Percentile by Number Answered
Your Score History
You have not taken this quiz